000
00309nam a2200121Ia 4500
008
191201s2007 xx 000 0 und d
100
_a
CHOWDHURY, Biswaroop rai
245
0
_a
Dynamic Memory Computer Course
260
_a
N. Delhi
_b
Fusion Books
_c
2007
300
_a
612
650
_a
B.Tech(CSE)
942
_2
ddc
_c
BK
999
_c
326
_d
326